Desarrollo organizacional. Principios y aplicaciones, 4th Edition (Registro nro. 228985)
[ vista simple ]
| 000 -LEADER | |
|---|---|
| fixed length control field | 01718nam#a2200265 4500 |
| 001 - CONTROL NUMBER | |
| control field | 9781456211448 |
| 003 - CONTROL NUMBER IDENTIFIER | |
| control field | VST |
| 005 - DATE AND TIME OF LATEST TRANSACTION | |
| control field | 20250425090629.0 |
| 006 - FIXED-LENGTH DATA ELEMENTS--ADDITIONAL MATERIAL CHARACTERISTICS | |
| fixed length control field | m o d |
| 007 - PHYSICAL DESCRIPTION FIXED FIELD--GENERAL INFORMATION | |
| fixed length control field | cr#un#---uucau |
| 008 - FIXED-LENGTH DATA ELEMENTS--GENERAL INFORMATION | |
| fixed length control field | 130214s2013 MEX eng d |
| 020 ## - INTERNATIONAL STANDARD BOOK NUMBER | |
| International Standard Book Number | 9781456211448 |
| 040 ## - CATALOGING SOURCE | |
| Original cataloging agency | VST |
| Transcribing agency | VST |
| Modifying agency | VST |
| 100 1# - MAIN ENTRY--PERSONAL NAME | |
| Personal name | Rafael Guízar Montúfar |
| Relator term | author |
| 245 10 - TITLE STATEMENT | |
| Title | Desarrollo organizacional. Principios y aplicaciones, 4th Edition |
| 250 ## - EDITION STATEMENT | |
| Edition statement | fourth edition |
| 260 ## - PUBLICATION, DISTRIBUTION, ETC. | |
| Place of publication, distribution, etc. | Mexico : |
| 264 #1 - PRODUCTION, PUBLICATION, DISTRIBUTION, MANUFACTURE, AND COPYRIGHT NOTICE | |
| Place of production, publication, distribution, manufacture | Mexico : |
| Name of producer, publisher, distributor, manufacturer | McGraw-Hill Interamericana, |
| Date of production, publication, distribution, manufacture, or copyright notice | 2013 |
| 300 ## - PHYSICAL DESCRIPTION | |
| Extent | 1 online resource |
| 336 ## - CONTENT TYPE | |
| Content type term | text |
| Content type code | txt |
| Source | rdacontent |
| 337 ## - MEDIA TYPE | |
| Media type term | computer |
| Media type code | c |
| Source | rdamedia |
| 520 ## - SUMMARY, ETC. | |
| Summary, etc. | En el cambiante entorno en el que interactuamos a diario, las organizaciones deben ser cada vez más competitivas para poder adecuarse a las inciertas y dúctiles exigencias del consumidor. Es por ello que en esta nueva edición de Desarrollo organizacional, he optado por llevar a cabo una transformación total con respecto a la edición anterior, incorporando términos y teorías de actualidad, pero conservando a la vez los fundamentos clásicos que en el ámbito del desarrollo organizacional se han presentado, con la fi nalidad de que el lector pueda analizar desde sus principios básicos este apasionante campo aún no explorado en un sinfín de empresas de nuestro medio latinoamericano. Así pues, el propósito de este libro es presentar, de una manera clara y comprensible, un panorama eminentemente práctico del desarrollo organizacional, con la fi nalidad de que le sea posible al estudioso del tema administrar el cambio de una manera efectiva. |
| 856 40 - ELECTRONIC LOCATION AND ACCESS | |
| Uniform Resource Identifier | <a href="https://resolver.vitalsource.com/9781456211448">https://resolver.vitalsource.com/9781456211448</a> |
| 942 ## - ADDED ENTRY ELEMENTS (KOHA) | |
| Koha item type | Recurso Electrónico |
| Withdrawn status | Lost status | Damaged status | Not for loan | Collection | Home library | Current library | Date acquired | Total checkouts | Date last seen | Price effective from | Koha item type |
|---|---|---|---|---|---|---|---|---|---|---|---|
| Colección McGraw Hill | Biblioteca Digital UIN | Biblioteca Digital UIN | 04/25/2025 | 04/25/2025 | 04/25/2025 | Recurso Electrónico |